| 000 | 00560nam a22001337a 4500 | ||
|---|---|---|---|
| 020 | _a1-85312-093-6 | ||
| 082 | _a620.001515353 INT'T | ||
| 100 |
_aTANAKA, M, BREBBIA, C.A, HONMA, T _967283 |
||
| 245 | _aINTERNATIONAL CONFERENCE ON BOUNDARY ELEMENT METHODS, APPLICATION IN FLUID MECHANICS AND FIELD PROBLEMS,VOL.2 | ||
| 260 |
_aBERLIN _bSPRINGER-VERLAG _c1990 |
||
| 300 | _a572P | ||
| 650 |
_aENGINEERING APPLICATIONS INVERSE PROBLEMS ELECTROMAGNETICS SENSITIVITY ANALYSIS AND OPTIMIZATION ACOUSTICS FREE SURFACE PROBLEMS FLUID MECHANICS _967284 |
||
| 942 | _cBK | ||
| 999 |
_c575100 _d575100 |
||